Pezoa Véliz, ensayo biográfico, crítico y antológico: I. La Sangre y su figura histórica; II. La obra y su configuración chilena y universal; III. Análisis de los doce poemas fundamentales de Pezoa Véliz: Premio único de Ensayo en el Concurso de la Sociedad de Escritores de Chile. Año 1950

Zapisane w:
Opis bibliograficzny
1. autor: Undurraga, Antonio de (Autor)
Format: Książka
Język:hiszpański
Wydane: Santiago Nascimento 1951
Wydanie:1a. ed
Hasła przedmiotowe:
Etykiety: Dodaj etykietę
Nie ma etykietki, Dołącz pierwszą etykiete!

MARC

LEADER 00000nam a2200000 a 4500
001 UCJ4041
003 CL-VaPUC
008 070124e19510405CL |||||||||||||||||spa|d
082 0 4 |a Ch861  |b UND  |2 21 
100 0 |a Undurraga, Antonio de  |e author  |9 506887 
245 1 0 |a Pezoa Véliz, ensayo biográfico, crítico y antológico: I. La Sangre y su figura histórica; II. La obra y su configuración chilena y universal; III. Análisis de los doce poemas fundamentales de Pezoa Véliz: Premio único de Ensayo en el Concurso de la Sociedad de Escritores de Chile. Año 1950 
250 |a 1a. ed 
300 |a 301 p 
942 |c BK 
945 |d 20070124 00:00:00  |a rinostro 
260 |a Santiago  |b Nascimento  |c 1951 
650 0 |a Biografías  |9 255210 
650 0 |a Antologías  |9 309836 
650 0 |a Bibliografías   |9 257071 
650 0 |a Crítica literaria   |9 269189 
650 0 |a Poesía chilena   |9 268403 
650 0 |a Correspondencia  |9 258963 
650 0 |a Historia local  |9 266584 
650 7 |a TERREMOTO DE 1906  |2 CL-VaPUC  |9 266587 
650 7 |a CRITICA SOCIAL  |2 CL-VaPUC  |9 331282 
583 |a last modification  |c 20131003 03:33:30  |k Rodrigo Vera 
999 |c 320159  |d 320157 
952 |0 0  |1 0  |4 0  |6 CH_861_000000000000000_UND_1951  |7 0  |8 X  |9 398633  |a FDOBUD  |b FDOBUD  |d 2019-11-22  |i 1012762  |o Ch861 UND 1951  |p 1012762  |r 2019-11-22  |w 2019-11-22  |y BK_X  |k BUD